| 000 | 00550cam a2200205ua 4500 | ||
|---|---|---|---|
| 001 | 6401 | ||
| 008 | 140705n ii |||gr||||Z||||||eng | ||
| 020 | _a81-8054-475-3 | ||
| 040 | _cMAIN | ||
| 082 | _a332.0954 | ||
| 245 |
_aIndian financial system _cBy P.N. Varshney |
||
| 250 | _a8th rev. ed./ rep. | ||
| 260 |
_aNew delhi: _bSultan chand & sons, _c2007. |
||
| 300 | _axxxiv,2.292p. | ||
| 653 | _aFinancial economics | ||
| 653 | _aIndian financial system | ||
| 700 |
_aVarshney,P.N., _eAuthor., |
||
| 700 |
_aMittal,D.K., _eAuthor. |
||
| 942 | _cBK | ||
| 999 |
_c5551 _d5551 |
||